Most common Minecraft Deaths - Statistics

General Stats
  • This quiz has been taken 91 times
  • The average score is 4 of 15
Answer Stats
Answer % Correct
Drowned
68%
Fell from a high place
63%
Tried to Swim in Lava
60%
Burned to Death
34%
Blew up
27%
Fell out of the world
26%
Was Blown up By Creeper
26%
Suffocated in a wall
24%
Was slain by ***hostilemob****
24%
Was Pricked to Death
19%
Hit the Ground to Hard
18%
Withered Away
13%
Was Killed by Magic
10%
Was shot by arrow
3%
Was killed by [Intentional Game Design]
2%
No matching quizzes found
Score Distribution
Percent of People with Each Score
Percentile by Number Answered
Your Score History
You have not taken this quiz